| 000 | 00457 a2200205 4500 | ||
|---|---|---|---|
| 260 | _aParis. | ||
| 100 | _aROBERT,Paul. | ||
| 260 | _bLe ROBERT. | ||
| 245 | _aDictionnaire alphabétique et analogique de la langue française. | ||
| 300 | _a2172p. | ||
| 650 | _aLANGUE | ||
| 650 | _aFRANCAIS | ||
| 650 | _aDICTIONNAIRE | ||
| 260 | _c1984 | ||
| 130 | _lFr. | ||
| 690 | _aDICTIONNAIRE. | ||
| 020 | _a2-85036-066-X | ||
| 999 |
_c24449 _d24449 |
||